[Event "RUS-ch Silent (Women)"]
[Site "Zelenograd"]
[Date "2022.04.13"]
[Round "7"]
[White "Turkeeva, Yulia"]
[Black "Panina, Valeria"]
[Result "1/2-1/2"]
[WhiteElo "1935"]
[BlackElo "1788"]
[PlyCount "59"]
[EventDate "2022.04.09"]
[EventType "tourn"]
[EventRounds "13"]
[EventCountry "RUS"]
[SourceTitle "EXT 2023"]
[Source "ChessBase"]
[SourceDate "2022.10.05"]
[SourceVersion "1"]
[SourceVersionDate "2022.10.05"]
[SourceQuality "1"]

1. e4 c6 2. d4 d5 3. exd5 cxd5 4. Bd3 Nc6 5. c3 Nf6 6. Bf4 g6 7. Nf3 Bf5 8. 0-0 e6 9. Re1 Bxd3 10. Qxd3 Bg7 11. Nbd2 0-0 12. h3 Re8 13. Ne5 Rc8 14. Bg5 Qc7 15. Bf4 Qb6 16. Rab1 Qd8 17. Bg5 Qc7 18. Bf4 Qd8 19. Nxc6 bxc6 20. b4 a5 21. a3 axb4 22. axb4 Nd7 23. Ra1 e5 24. dxe5 Nxe5 25. Bxe5 Bxe5 26. Nf3 Bg7 27. Rxe8+ Qxe8 28. Re1 Qd8 29. Nd4 Qd7 30. Qe3 1/2-1/2

[Event "RUS-ch Silent (Women)"]
[Site "Zelenograd"]
[Date "2022.04.12"]
[Round "6"]
[White "Alieva, Viktoria"]
[Black "Turkeeva, Yulia"]
[Result "0-1"]
[WhiteElo "1707"]
[BlackElo "1935"]
[PlyCount "46"]
[EventDate "2022.04.09"]
[EventType "tourn"]
[EventRounds "13"]
[EventCountry "RUS"]
[SourceTitle "EXT 2023"]
[Source "ChessBase"]
[SourceDate "2022.10.05"]
[SourceVersion "1"]
[SourceVersionDate "2022.10.05"]
[SourceQuality "1"]

1. e4 e6 2. d3 d5 3. Nd2 Nf6 4. e5 Nfd7 5. d4 c5 6. c3 Nc6 7. Ngf3 cxd4 8. cxd4 f6 9. Bb5 fxe5 10. Bxc6 bxc6 11. dxe5 Qc7 12. Qe2 a5 13. Ng5 Nc5 14. f4 Ba6 15. Qf3 Be7 16. h4 Nd3+ 17. Kd1 Bxg5 18. hxg5 Qb6 19. b3 Nf2+ 20. Ke1 Nxh1 21. Qh5+ g6 22. Qxh1 Qd4 23. Rb1 Qe3+ 0-1

[Event "Eurasia Cup op"]
[Site "Ekaterinburg"]
[Date "2019.08.08"]
[Round "8"]
[White "Bolikov, Nicolai"]
[Black "Turkeeva, Yulia"]
[Result "1/2-1/2"]
[WhiteElo "1771"]
[BlackElo "1968"]
[PlyCount "86"]
[EventDate "2019.07.31"]
[EventType "swiss"]
[EventRounds "9"]
[EventCountry "RUS"]
[SourceTitle "CBM 191 Extra"]
[Source "ChessBase"]
[SourceDate "2019.09.30"]
[SourceVersion "1"]
[SourceVersionDate "2019.09.30"]
[SourceQuality "1"]

1. e4 e6 2. d4 d5 3. e5 c5 4. c3 Nc6 5. Nf3 Qb6 6. Be2 Bd7 7. 0-0 cxd4 8. cxd4 Nge7 9. Na3 Nf5 10. Nc2 Be7 11. g4 Nh4 12. Nxh4 Bxh4 13. f4 Be7 14. b3 Rc8 15. Be3 f6 16. Kh1 Qc7 17. Rc1 0-0 18. Bd3 Be8 19. exf6 gxf6 20. Qe1 Bd6 21. Qh4 Kh8 22. Rf3 f5 23. gxf5 exf5 24. Rg1 Qe7 25. Rg5 Bd7 26. Rfg3 Be6 27. Qh6 Rg8 28. Rg6 Rcd8 29. Qh3 Rxg6 30. Rxg6 Qf7 31. Rg5 Ne7 32. Ne1 Ng6 33. Nf3 Bxf4 34. Rxg6 Qxg6 35. Bxf4 Qg4 36. Ng5 Qxh3 37. Nxh3 Rc8 38. Be2 Kg7 39. Kg2 a6 40. Kf3 Kf6 41. Be5+ Ke7 42. Bg3 Re8 43. Bf4 Rc8 1/2-1/2

[Event "Eurasia Cup op"]
[Site "Ekaterinburg"]
[Date "2019.08.06"]
[Round "6"]
[White "Kolesov, Gordey"]
[Black "Turkeeva, Yulia"]
[Result "1-0"]
[WhiteElo "1687"]
[BlackElo "1968"]
[PlyCount "91"]
[EventDate "2019.07.31"]
[EventType "swiss"]
[EventRounds "9"]
[EventCountry "RUS"]
[SourceTitle "CBM 191 Extra"]
[Source "ChessBase"]
[SourceDate "2019.09.30"]
[SourceVersion "1"]
[SourceVersionDate "2019.09.30"]
[SourceQuality "1"]

1. d4 d5 2. c4 e6 3. Nf3 Nf6 4. g3 c6 5. Bg2 Bd6 6. 0-0 Nbd7 7. Nfd2 0-0 8. Nc3 Bc7 9. e4 dxe4 10. Ndxe4 h6 11. Re1 e5 12. d5 cxd5 13. cxd5 Nxe4 14. Nxe4 f5 15. Nc3 Qf6 16. Bd2 a6 17. Qc2 Bd6 18. a4 b6 19. Qb3 Bb7 20. Be3 Qd8 21. Rac1 Kh8 22. Rf1 f4 23. Bd2 Nc5 24. Qd1 Rc8 25. Rb1 Bb8 26. Bc1 a5 27. b3 Qd7 28. Ba3 Bd6 29. Qh5 Ba6 30. Rfd1 Rc7 31. Bh3 Qd8 32. Bf5 Bc8 33. Bc2 Qe8 34. Qxe8 Rxe8 35. Nb5 Bg4 36. Nxd6 Rf8 37. Rd2 fxg3 38. hxg3 Bf3 39. Nc4 e4 40. d6 Rcf7 41. Ne5 Rf5 42. Ng6+ Kg8 43. Ne7+ Kh7 44. Nxf5 Rxf5 45. Bxc5 Rh5 46. Bxe4+ 1-0

[Event "RUS-ch Silent (Women)"]
[Site "Zelenograd"]
[Date "2019.04.13"]
[Round "11"]
[White "Lagutina, Olga"]
[Black "Turkeeva, Yulia"]
[Result "0-1"]
[WhiteElo "1862"]
[BlackElo "2056"]
[PlyCount "75"]
[EventDate "2019.04.03"]
[EventType "tourn"]
[EventRounds "11"]
[EventCountry "RUS"]
[SourceTitle "CBM 190 Extra"]
[Source "ChessBase"]
[SourceDate "2019.07.15"]
[SourceVersion "1"]
[SourceVersionDate "2019.07.15"]
[SourceQuality "1"]

1. d4 d5 2. Nf3 Nf6 3. e3 Bf5 4. Bd3 e6 5. Bxf5 exf5 6. Qd3 Qc8 7. b3 Na6 8. a3 c6 9. c4 Nc7 10. Nc3 Ne4 11. Nd2 g6 12. Bb2 Qd8 13. g3 Bg7 14. f3 Nxc3 15. Bxc3 0-0 16. h4 Re8 17. Kf2 Qf6 18. Rae1 Re6 19. Rhf1 Rae8 20. Kg2 Qe7 21. Kf2 Bf6 22. Bb4 Qd8 23. h5 Be7 24. hxg6 fxg6 25. f4 Bxb4 26. axb4 Qe7 27. Qc3 Rd8 28. Nf3 Ne8 29. Ne5 Nf6 30. Kf3 Ne4 31. Qd3 Qxb4 32. Re2 a6 33. g4 fxg4+ 34. Kxg4 Qf8 35. cxd5 Qf5+ 36. Kf3 Rxe5 37. Rg2 Qh3+ 38. Ke2 0-1

[Event "RUS-ch Silent (Women)"]
[Site "Zelenograd"]
[Date "2019.04.03"]
[Round "1"]
[White "Turkeeva, Yulia"]
[Black "Kudriavtseva, Natalia"]
[Result "0-1"]
[WhiteElo "2056"]
[BlackElo "1916"]
[PlyCount "92"]
[EventDate "2019.04.03"]
[EventType "tourn"]
[EventRounds "11"]
[EventCountry "RUS"]
[SourceTitle "CBM 190 Extra"]
[Source "ChessBase"]
[SourceDate "2019.07.15"]
[SourceVersion "1"]
[SourceVersionDate "2019.07.15"]
[SourceQuality "1"]

1. e4 e5 2. Nf3 Nc6 3. Bb5 a6 4. Ba4 Nf6 5. d3 b5 6. Bb3 Bc5 7. 0-0 d6 8. c3 Bb6 9. Nbd2 0-0 10. Re1 Ng4 11. Re2 Be6 12. h3 Nf6 13. Bc2 Nh5 14. Nf1 h6 15. Be3 Qf6 16. Re1 Nf4 17. Bxf4 Qxf4 18. Ne3 Ne7 19. Nh2 f5 20. Qd2 fxe4 21. dxe4 Rf7 22. f3 d5 23. Bb3 Rd8 24. Kh1 c6 25. Qe2 Qxe3 26. Qxe3 Bxe3 27. Rxe3 d4 28. Rd3 Bc4 29. Bxc4 bxc4 30. Rd2 Ng6 31. Nf1 c5 32. Ne3 Rfd7 33. Nxc4 dxc3 34. Rxd7 Rxd7 35. bxc3 Rd3 36. Rc1 Kf7 37. Kg1 Ke6 38. Kf2 Nf4 39. h4 Rd7 40. Rc2 Rd1 41. g3 Rh1 42. Ne3 Rh2+ 43. Ke1 Rh1+ 44. Nf1 Nd3+ 45. Ke2 c4 46. Nd2 Re1# 0-1

[Event "RUS-ch Silent (Women)"]
[Site "Zelenograd"]
[Date "2018.11.03"]
[Round "11"]
[White "Turkeeva, Yulia"]
[Black "Panina, Valeria"]
[Result "1/2-1/2"]
[WhiteElo "2028"]
[BlackElo "1743"]
[PlyCount "90"]
[EventDate "2018.10.25"]
[EventType "tourn"]
[EventRounds "11"]
[EventCountry "RUS"]
[SourceTitle "EXT 2020"]
[Source "ChessBase"]
[SourceDate "2019.10.17"]
[SourceVersion "1"]
[SourceVersionDate "2019.10.17"]
[SourceQuality "1"]

1. e4 c6 2. d4 d5 3. exd5 cxd5 4. Bd3 Nc6 5. c3 Nf6 6. Bf4 Bg4 7. Qb3 Na5 8. Qa4+ Bd7 9. Bb5 Qb6 10. Bxd7+ Nxd7 11. Qc2 Rc8 12. Ne2 e6 13. 0-0 Nc6 14. Qb3 Qa6 15. Qd1 Be7 16. Nd2 g5 17. Be3 h5 18. f4 g4 19. Nb3 Qb6 20. Qd2 Rg8 21. f5 Nd8 22. Rae1 Nf6 23. fxe6 fxe6 24. Qd3 Qc6 25. Bf4 h4 26. Nd2 Nf7 27. Nc1 h3 28. g3 Rd8 29. Qe2 Kd7 30. Nd3 Rdf8 31. Ne5+ Nxe5 32. Bxe5 Qb6 33. Nb3 Ne4 34. Rxf8 Rxf8 35. Rf1 Rxf1+ 36. Kxf1 a5 37. Nc1 Bg5 38. Nd3 Qb5 39. Nc5+ Kc6 40. Nxe4 dxe4 41. Qxb5+ Kxb5 42. Ke2 a4 43. b3 axb3 44. axb3 Kc6 45. c4 b6 1/2-1/2

[Event "Zelenograd Summer Silent op"]
[Site "Zelenograd"]
[Date "2014.06.13"]
[Round "8"]
[White "Turkeeva, Yulia"]
[Black "Zaytsev, Yuri Nikolaevich"]
[Result "1-0"]
[WhiteElo "2036"]
[BlackElo "2088"]
[PlyCount "87"]
[EventDate "2014.06.04"]
[EventType "swiss"]
[EventRounds "9"]
[EventCountry "RUS"]
[SourceTitle "CBM 161 Extra"]
[Source "ChessBase"]
[SourceDate "2014.08.29"]
[SourceVersion "1"]
[SourceVersionDate "2014.08.29"]
[SourceQuality "1"]

1. e4 c6 2. d4 d5 3. exd5 cxd5 4. Bd3 Nc6 5. c3 Nf6 6. Bf4 Bg4 7. Qb3 Qd7 8. Nd2 a6 9. Ngf3 Bxf3 10. Nxf3 e6 11. 0-0 Bd6 12. Bxd6 Qxd6 13. Rfe1 b5 14. Ne5 Na5 15. Qc2 Rc8 16. Qe2 Ra8 17. Rad1 Ra7 18. Bb1 Rc7 19. Rd3 g6 20. Rf3 Nh5 21. Qd2 Nc4 22. Qh6 Qf8 23. Qxf8+ Rxf8 24. Nd3 Nd2 25. Rfe3 Nxb1 26. Rxb1 Kd7 27. Nc5+ Rxc5 28. dxc5 Kc6 29. b4 a5 30. a3 Nf6 31. f3 Rd8 32. Rbe1 Ne8 33. g4 Ng7 34. Kf2 f6 35. Rxe6+ Nxe6 36. Rxe6+ Kb7 37. Rxf6 axb4 38. axb4 d4 39. cxd4 Rxd4 40. Rb6+ Kc7 41. Rxb5 Rd2+ 42. Kg3 g5 43. Rb6 Rb2 44. Rh6 1-0

[Event "Zelenograd Summer Silent op"]
[Site "Zelenograd"]
[Date "2014.06.09"]
[Round "5"]
[White "Turkeeva, Yulia"]
[Black "Shajakhmetov, Linat"]
[Result "0-1"]
[WhiteElo "2036"]
[BlackElo "2079"]
[PlyCount "64"]
[EventDate "2014.06.04"]
[EventType "swiss"]
[EventRounds "9"]
[EventCountry "RUS"]
[SourceTitle "CBM 161 Extra"]
[Source "ChessBase"]
[SourceDate "2014.08.29"]
[SourceVersion "1"]
[SourceVersionDate "2014.08.29"]
[SourceQuality "1"]

1. e4 d6 2. d4 Nf6 3. Nc3 c6 4. h3 Qa5 5. Bd2 e5 6. Nf3 Nbd7 7. Bd3 exd4 8. Nxd4 Ne5 9. Be2 Qb6 10. Bc1 Be7 11. 0-0 0-0 12. Kh1 Ng6 13. b3 Rd8 14. Nf5 Bf8 15. Ng3 d5 16. exd5 Nxd5 17. Nxd5 Rxd5 18. Qe1 Be6 19. Be3 Bc5 20. Bxc5 Qxc5 21. c4 Rd4 22. Rd1 Rad8 23. Rxd4 Rxd4 24. Qc3 Nf4 25. Qe3 Qb6 26. Bg4 Qd8 27. Bxe6 Nxe6 28. Re1 a6 29. Ne4 h6 30. g3 Rd3 31. Qc1 Qd4 32. Kg2 f5 0-1

[Event "Zelenograd Summer Silent op"]
[Site "Zelenograd"]
[Date "2014.06.05"]
[Round "2"]
[White "Kireeva, Ljubov"]
[Black "Turkeeva, Yulia"]
[Result "1/2-1/2"]
[WhiteElo "2042"]
[BlackElo "2036"]
[PlyCount "110"]
[EventDate "2014.06.04"]
[EventType "swiss"]
[EventRounds "9"]
[EventCountry "RUS"]
[SourceTitle "CBM 161 Extra"]
[Source "ChessBase"]
[SourceDate "2014.08.29"]
[SourceVersion "1"]
[SourceVersionDate "2014.08.29"]
[SourceQuality "1"]

1. e4 e6 2. d4 d5 3. e5 c5 4. c3 Nc6 5. a3 Qb6 6. Nf3 Bd7 7. b4 cxb4 8. cxb4 Rc8 9. Be3 Nge7 10. Bd3 Nf5 11. Bxf5 exf5 12. 0-0 Be7 13. Nbd2 Qd8 14. Nb3 b6 15. Nfd2 Be6 16. f4 h6 17. Qe2 Qd7 18. Rac1 Nb8 19. Rxc8+ Qxc8 20. Rc1 Qd7 21. Nb1 0-0 22. Nc3 Rc8 23. Qb2 g6 24. Rc2 Kg7 25. Kf2 Qc6 26. Nd2 Qb7 27. Ncb1 Rxc2 28. Qxc2 Qc6 29. Qc3 Qxc3 30. Nxc3 a6 31. Ke2 Nc6 32. Kd3 Bd8 33. b5 axb5 34. Nxb5 Be7 35. Nb1 Kf8 36. N1c3 Bd8 37. Bc1 Ke7 38. a4 Kd7 39. Ba3 Na5 40. Bf8 h5 41. Bd6 Nc4 42. Ba3 Kc6 43. Bc1 Be7 44. Kc2 Kb7 45. Kb3 Na5+ 46. Kc2 Nc4 47. g3 Bf8 48. Na2 Be7 49. Kc3 Bf8 50. Nb4 Be7 51. Nc2 Bd7 52. Ne3 Nxe3 53. Bxe3 Bxb5 54. axb5 Kc7 55. h4 Kd7 1/2-1/2

[Event "Zelenograd Summer Silent op"]
[Site "Zelenograd"]
[Date "2014.06.04"]
[Round "1"]
[White "Turkeeva, Yulia"]
[Black "Gerasimov, Aleksander"]
[Result "1/2-1/2"]
[WhiteElo "2036"]
[BlackElo "2188"]
[PlyCount "72"]
[EventDate "2014.06.04"]
[EventType "swiss"]
[EventRounds "9"]
[EventCountry "RUS"]
[SourceTitle "CBM 161 Extra"]
[Source "ChessBase"]
[SourceDate "2014.08.29"]
[SourceVersion "1"]
[SourceVersionDate "2014.08.29"]
[SourceQuality "1"]

1. e4 c5 2. c3 d5 3. exd5 Qxd5 4. d4 Nf6 5. Nf3 Bg4 6. Be2 e6 7. 0-0 Nc6 8. dxc5 Bxc5 9. Qxd5 Nxd5 10. c4 Nb6 11. Nbd2 0-0 12. a3 a5 13. b3 Rfd8 14. Rd1 Nd4 15. Kf1 Nxe2 16. Kxe2 Bd4 17. Ra2 Bc3 18. Ne4 Rxd1 19. Kxd1 Bxf3+ 20. gxf3 Be5 21. Be3 Rd8+ 22. Ke2 Nc8 23. h3 Kf8 24. Rd2 Rxd2+ 25. Bxd2 b6 26. Kd3 Ke7 27. a4 Bd6 28. c5 Bxc5 29. Nxc5 bxc5 30. Kc4 Kd6 31. Bxa5 Kc6 32. Bd2 Nb6+ 33. Kc3 Nd5+ 34. Kc4 Nb6+ 35. Kc3 Nd5+ 36. Kc4 Nb6+ 1/2-1/2

[Event "Zelenograd Spring Silent op"]
[Site "Zelenograd"]
[Date "2014.03.04"]
[Round "2"]
[White "Turkeeva, Yulia"]
[Black "Ivanov, Roman"]
[Result "1/2-1/2"]
[WhiteElo "2037"]
[BlackElo "2075"]
[PlyCount "62"]
[EventDate "2014.03.02"]
[EventType "swiss"]
[EventRounds "9"]
[EventCountry "RUS"]
[SourceTitle "EXT 2016"]
[Source "ChessBase"]
[SourceDate "2015.10.08"]
[SourceVersion "1"]
[SourceVersionDate "2015.10.08"]
[SourceQuality "1"]

1. e4 c5 2. c3 d5 3. exd5 Qxd5 4. d4 cxd4 5. cxd4 Nc6 6. Nf3 e6 7. Be2 Nf6 8. 0-0 Be7 9. Nc3 Qd8 10. a3 0-0 11. Re1 a6 12. Bc4 h6 13. d5 exd5 14. Nxd5 Bc5 15. Be3 Bxe3 16. Nxe3 Qb6 17. Qc2 Bg4 18. Nxg4 Nxg4 19. b4 Rac8 20. h3 Nf6 21. Qa2 Qc7 22. Bb3 Qf4 23. Rad1 Rc7 24. Re2 Re8 25. Rxe8+ Nxe8 26. Qd2 Qf6 27. Re1 Re7 28. Rxe7 Qxe7 29. Bd5 Qc7 30. Qc3 Nd8 31. Qxc7 Nxc7 1/2-1/2

[Event "W-ch Disabled"]
[Site "Dresden"]
[Date "2013.10.23"]
[Round "2"]
[White "Dukaczewski, Piotr"]
[Black "Turkeeva, Yulia"]
[Result "1-0"]
[WhiteElo "2265"]
[BlackElo "2039"]
[PlyCount "67"]
[EventDate "2013.10.22"]
[EventType "swiss"]
[EventRounds "7"]
[EventCountry "GER"]
[SourceTitle "CBM 157 Extra"]
[Source "ChessBase"]
[SourceDate "2013.12.19"]
[SourceVersion "1"]
[SourceVersionDate "2013.12.19"]
[SourceQuality "1"]

1. e4 e6 2. d4 d5 3. Nd2 Nf6 4. e5 Nfd7 5. c3 c5 6. f4 cxd4 7. cxd4 Nc6 8. Ndf3 Bb4+ 9. Bd2 Bxd2+ 10. Qxd2 Qa5 11. Qxa5 Nxa5 12. Rc1 a6 13. Bd3 0-0 14. Ne2 Nc6 15. 0-0 f6 16. a3 Rf7 17. g4 fxe5 18. dxe5 Nf8 19. Kg2 Bd7 20. Kg3 Re7 21. h4 Be8 22. h5 Rc8 23. Rc3 Na7 24. Rxc8 Nxc8 25. Rc1 Na7 26. Ned4 h6 27. Kf2 g6 28. hxg6 Nxg6 29. Ke3 Bf7 30. Rh1 Kg7 31. f5 exf5 32. Nxf5+ Kf8 33. Nxe7 Kxe7 34. Bxg6 1-0

[Event "RUS-ch Silent (Women)"]
[Site "Zelenograd"]
[Date "2013.09.27"]
[Round "6"]
[White "Kireeva, Ljubov"]
[Black "Turkeeva, Yulia"]
[Result "1-0"]
[WhiteElo "2061"]
[BlackElo "2039"]
[PlyCount "90"]
[EventDate "2013.09.22"]
[EventType "tourn"]
[EventRounds "11"]
[EventCountry "RUS"]
[SourceTitle "EXT 2016"]
[Source "ChessBase"]
[SourceDate "2015.10.08"]
[SourceVersion "1"]
[SourceVersionDate "2015.10.08"]
[SourceQuality "1"]

1. Nf3 d5 2. d4 e6 3. g3 Nf6 4. Bg5 Be7 5. Bxf6 Bxf6 6. Bg2 Nd7 7. 0-0 c6 8. c3 0-0 9. Nbd2 e5 10. dxe5 Nxe5 11. Nd4 Re8 12. h3 Qe7 13. e3 Bd7 14. N2f3 Nc4 15. b3 Nd6 16. Rc1 Rad8 17. Nh2 Ne4 18. Ng4 Bxg4 19. Qxg4 Bxd4 20. cxd4 Qe6 21. Bxe4 Qxe4 22. Qxe4 Rxe4 23. Rc3 Rde8 24. a4 f5 25. b4 R8e7 26. Rfc1 R4e6 27. Rc5 Rd6 28. b5 Ree6 29. a5 cxb5 30. Rxb5 Rd7 31. Rcc5 Red6 32. Rc8+ Kf7 33. Rb8 b6 34. axb6 axb6 35. R5xb6 Rxb6 36. Rxb6 Ke7 37. Kg2 Kd8 38. Kf3 Kc7 39. Re6 g6 40. h4 Kb7 41. Kf4 Kc8 42. h5 gxh5 43. Kxf5 Ra7 44. Rd6 Ra2 45. f3 Rh2 1-0

[Event "RUS-ch Silent (Women)"]
[Site "Zelenograd"]
[Date "2013.09.26"]
[Round "5"]
[White "Turkeeva, Yulia"]
[Black "Gerasimova, Olga"]
[Result "1-0"]
[WhiteElo "2039"]
[BlackElo "2089"]
[PlyCount "109"]
[EventDate "2013.09.22"]
[EventType "tourn"]
[EventRounds "11"]
[EventCountry "RUS"]
[SourceTitle "EXT 2016"]
[Source "ChessBase"]
[SourceDate "2015.10.08"]
[SourceVersion "1"]
[SourceVersionDate "2015.10.08"]
[SourceQuality "1"]

1. e4 c5 2. c3 d5 3. exd5 Qxd5 4. d4 Nf6 5. Nf3 Bg4 6. Be2 e6 7. Be3 Nc6 8. dxc5 Rd8 9. b4 Be7 10. Nbd2 0-0 11. 0-0 Ne4 12. Nxe4 Qxe4 13. Qb1 Qxb1 14. Raxb1 Bf6 15. Rfc1 Ne5 16. Kf1 Bf5 17. Rb3 Nd3 18. Rd1 Ne5 19. Nxe5 Bxe5 20. Rc1 Be4 21. g3 a6 22. c4 Rd7 23. f3 Bg6 24. a4 Rfd8 25. b5 Bd4 26. Bxd4 Rxd4 27. c6 bxc6 28. bxc6 Rc8 29. Rd1 Rxd1+ 30. Bxd1 Kf8 31. Rb6 a5 32. c5 Ke7 33. Be2 Kf6 34. Bb5 Ke5 35. Rb7 Kd5 36. Ke2 Kxc5 37. Ra7 Kd6 38. Rxa5 Rc7 39. Ra8 Kc5 40. Rd8 Bb1 41. Rd7 Rc8 42. Rxf7 g5 43. Ke3 h5 44. Rg7 g4 45. fxg4 hxg4 46. Rxg4 Ba2 47. Rg7 Bd5 48. c7 Kb6 49. h4 Kb7 50. h5 Rf8 51. Be2 Ra8 52. c8Q+ Kxc8 53. Rg8+ Kd7 54. Rxa8 Bxa8 55. Bf3 1-0